[Event "GRENKE Chess Open 2017"]
[Site "Karlsruhe GER"]
[Date "2017.04.16"]
[Round "6.22"]
[White "Sumets, Andrey"]
[Black "Barski, Radoslaw"]
[Result "1-0"]
[WhiteTitle "GM"]
[WhiteElo "2559"]
[BlackElo "2407"]
[WhiteFideId "14105500"]
[BlackFideId "1131710"]
[EventDate "2017.04.13"]

1. d4 Nf6 2. Nf3 g6 3. g3 Bg7 4. Bg2 O-O 5. O-O d6 6. Nc3 Nbd7 7. e4 e5 8. Re1
c6 9. a4 a5 10. b3 Re8 11. Ba3 exd4 12. Nxd4 Nc5 13. Qd2 Qb6 14. Rad1 Bg4 15. f3
Bd7 16. Qf2 Rad8 17. Nde2 Bf8 18. Bc1 h6 19. Be3 Bc8 20. Rd2 Qc7 21. Red1 b6 22.
h3 Ba6 23. Bd4 Qe7 24. g4 d5 25. exd5 Nxd5 26. Nxd5 Rxd5 27. Ng3 Red8 28. f4
R5d6 29. Bb2 Rxd2 30. Rxd2 Rxd2 31. Qxd2 Qh4 32. Qc3 f6 33. Qxf6 Qxf6 34. Bxf6
Ne6 35. f5 Bc5+ 36. Kh2 Nf4 37. fxg6 Nxg6 38. Bxc6 Kf7 39. Ne4 Be3 40. Bd5+ Kf8
41. c4 Bf4+ 42. Kg2 Bc7 43. h4 Nf4+ 44. Kf3 Bc8 45. Bd4 Nd3 46. g5 hxg5 47. hxg5
Bf5 48. c5 bxc5 49. Nxc5 Ne1+ 50. Ke2 Nc2 51. Bc3 Bb6 52. Nb7 Ne3 53. Bf3 Bc2
54. Bxa5 Ba7 55. Bb4+ Kg8 56. Bc5 Bxc5 57. Nxc5 Nf5 58. a5 Nd4+ 59. Ke3 1-0

[Event "GRENKE Chess Open 2017"]
[Site "Karlsruhe GER"]
[Date "2017.04.16"]
[Round "6.23"]
[White "Beikert, Guenther"]
[Black "Demuth, Adrien"]
[Result "0-1"]
[WhiteTitle "IM"]
[BlackTitle "GM"]
[WhiteElo "2408"]
[BlackElo "2529"]
[WhiteFideId "4614186"]
[BlackFideId "642274"]
[EventDate "2017.04.13"]

1. e4 e5 2. Nf3 Nc6 3. Bb5 a6 4. Bxc6 dxc6 5. O-O Ne7 6. Nxe5 Qd4 7. Qh5 g6 8.
Nf3 Qxe4 9. Qa5 Bg4 10. d3 Qf5 11. Qxc7 Bxf3 12. gxf3 Qxf3 13. Nd2 Qg4+ 14. Kh1
Qd7 15. Qxd7+ Kxd7 16. Nc4 Nd5 17. Ne5+ Ke8 18. Re1 Be7 19. Re2 f6 20. Nc4 Kd7
21. Bd2 Bd8 22. a4 Bc7 23. a5 Rae8 24. Re4 f5 25. Rxe8 Rxe8 26. Kg2 g5 27. h3 f4
28. Kf3 h5 29. Rg1 Rg8 30. Nb6+ Ke6 31. Re1+ Kf7 32. Nxd5 cxd5 33. Rg1 Kf6 34.
c4 dxc4 35. Rc1 Rd8 36. Rxc4 Rxd3+ 37. Ke2 Rd7 38. Bc3+ Be5 39. h4 Bxc3 40. bxc3
Rd5 41. hxg5+ Kxg5 42. Rc7 Kg4 43. Rg7+ Rg5 44. Rxb7 Re5+ 45. Kf1 Kf3 46. c4
Rxa5 47. Rb3+ Ke4 48. Kg2 Rg5+ 49. Kh3 Rc5 50. Ra3 a5 51. Kg2 Rg5+ 52. Kh3 Rc5
53. Kg2 Rg5+ 54. Kh3 Kd4 55. Ra4 Rc5 56. Kg2 Kc3 57. Kf3 Kb3 58. Ra1 a4 59. Kxf4
a3 60. Rb1+ Kc2 61. Re1 a2 62. Re2+ Kb3 63. Re3+ Kb4 64. Re1 Ra5 0-1

[Event "GRENKE Chess Open 2017"]
[Site "Karlsruhe GER"]
[Date "2017.04.16"]
[Round "6.25"]
[White "Seyb, Alexander"]
[Black "Popovic, Dusan"]
[Result "1/2-1/2"]
[WhiteTitle "IM"]
[BlackTitle "GM"]
[WhiteElo "2407"]
[BlackElo "2523"]
[WhiteFideId "4699033"]
[BlackFideId "927031"]
[EventDate "2017.04.13"]

1. e4 c5 2. Nf3 d6 3. d4 cxd4 4. Nxd4 Nf6 5. Nc3 a6 6. f3 e5 7. Nb3 Be6 8. Be3
Be7 9. Qd2 O-O 10. O-O-O Qc7 11. g4 Rc8 12. g5 Nh5 13. Kb1 Nd7 14. Rg1 g6 15.
Nd5 Bxd5 16. exd5 Nb6 17. Rg4 Nf4 18. Bxf4 exf4 19. h4 Bf8 20. Rxf4 Bg7 21. c4
Na4 22. Nd4 Re8 23. h5 Re5 24. hxg6 hxg6 25. Bd3 Rae8 26. Qc2 Nc5 27. Ne6 Nxe6
28. dxe6 R8xe6 29. Re4 Qb6 30. Rxe5 Rxe5 31. f4 Re3 32. f5 gxf5 33. Bxf5 Rf3 34.
Bd3 Qe3 35. Qe2 Qxe2 36. Bxe2 Rf2 37. Rd2 Be5 38. a4 Bf4 39. Rc2 Bxg5 40. b4 Bd8
41. c5 dxc5 42. bxc5 a5 43. Bb5 Rf5 44. c6 bxc6 45. Rxc6 Kg7 46. Rd6 Bh4 47. Kc2
Re5 48. Rd7 Be1 49. Bc4 Rf5 50. Kd3 Bb4 51. Ke4 Rf2 52. Rc7 Bd2 53. Kd3 Be1 54.
Ke3 Rf6 55. Bd5 Bb4 56. Be4 Be1 57. Bd5 Bg3 58. Rb7 Bf2+ 59. Ke2 Bc5 60. Rc7 Bd4
61. Kd3 Bg1 62. Ke4 Rf1 63. Bc4 Rf6 64. Bd5 Rf2 65. Ra7 Re2+ 66. Kf3 Bxa7 1/2-1/2

[Event "GRENKE Chess Open 2017"]
[Site "Karlsruhe GER"]
[Date "2017.04.16"]
[Round "6.28"]
[White "Meskovs, Nikita"]
[Black "Vrolijk, Liam"]
[Result "1-0"]
[WhiteTitle "IM"]
[BlackTitle "FM"]
[WhiteElo "2510"]
[BlackElo "2378"]
[WhiteFideId "11602740"]
[BlackFideId "1048333"]
[EventDate "2017.04.13"]

1. d4 Nf6 2. c4 e6 3. Nf3 b6 4. g3 Bb7 5. Bg2 Be7 6. O-O O-O 7. Nc3 Ne4 8. Bd2
Bf6 9. Ne5 Nxc3 10. Bxc3 Bxg2 11. Kxg2 c5 12. dxc5 bxc5 13. Qd6 Qe7 14. Qd3 a5
15. Rfd1 Rd8 16. Qf3 Ra7 17. Nd3 Nc6 18. Bxf6 gxf6 19. Qh5 d6 20. Nf4 Ne5 21.
Kg1 Ng6 22. Rd3 f5 23. Rad1 Rb7 24. b3 Rbd7 25. Qh6 Qf8 26. Qg5 f6 27. Qh5 Nxf4
28. gxf4 Rg7+ 29. Rg3 Qf7 30. Qf3 Qd7 31. Qc3 Rxg3+ 32. hxg3 Kf7 33. Qxa5 h5 34.
Rd3 Rc8 35. b4 cxb4 36. Qxb4 Ke7 37. Ra3 Qc7 38. Ra6 Rb8 39. Qa4 Rb7 40. Qa3 Qc5
41. Qf3 Qc8 42. Kh2 Rd7 43. Ra8 Qc5 44. e3 d5 45. Qxh5 dxc4 46. Qe8+ Kd6 47.
Qf8+ Kd5 48. Qxf6 Rh7+ 49. Kg2 Ke4 50. Qc3 Kd5 1-0

[Event "GRENKE Chess Open 2017"]
[Site "Karlsruhe GER"]
[Date "2017.04.16"]
[Round "6.29"]
[White "Bosman, Michiel"]
[Black "Kollars, Dmitrij"]
[Result "1/2-1/2"]
[WhiteTitle "FM"]
[BlackTitle "IM"]
[WhiteElo "2398"]
[BlackElo "2500"]
[WhiteFideId "1000721"]
[BlackFideId "12909572"]
[EventDate "2017.04.13"]

1. c4 c5 2. Nf3 Nc6 3. d4 cxd4 4. Nxd4 Nf6 5. Nc3 e6 6. a3 d5 7. cxd5 Nxd5 8.
Nxc6 bxc6 9. Qc2 Be7 10. g3 O-O 11. Bg2 Ba6 12. Bd2 Rb8 13. O-O Qb6 14. b4 Rfc8
15. Na4 Qb5 16. Rfc1 Qb7 17. e4 Nf6 18. Nc5 Bxc5 19. Qxc5 Nd7 20. Qe3 e5 21. Bh3
Rd8 22. Qc3 c5 23. bxc5 Nxc5 24. Qxc5 Rxd2 25. Qxe5 Qb6 26. Qf4 Rbd8 27. Bf1
Bxf1 28. Rxf1 h6 29. Rab1 Qa6 30. Kg2 Qxa3 31. Rb7 R2d7 32. Rfb1 Qe7 33. Rxd7
Qxd7 34. Ra1 Qb7 35. Qe3 a6 36. Qe2 Rd6 37. Ra5 Re6 38. Qd3 Rxe4 39. Qxa6 Qxa6
40. Rxa6 1/2-1/2

[Event "GRENKE Chess Open 2017"]
[Site "Karlsruhe GER"]
[Date "2017.04.16"]
[Round "6.30"]
[White "Schmidek, Emil"]
[Black "Fedorovsky, Michael"]
[Result "1/2-1/2"]
[BlackTitle "IM"]
[WhiteElo "2391"]
[BlackElo "2490"]
[WhiteFideId "12908150"]
[BlackFideId "14105454"]
[EventDate "2017.04.13"]

1. e4 c5 2. Nf3 d6 3. d4 cxd4 4. Nxd4 Nf6 5. Nc3 g6 6. Be3 Bg7 7. Bc4 Nc6 8. f3
O-O 9. Qd2 Bd7 10. O-O-O Rc8 11. Bb3 Nxd4 12. Bxd4 b5 13. Nd5 Nxd5 14. Bxg7 Kxg7
15. exd5 a5 16. a3 Kg8 17. h4 b4 18. axb4 axb4 19. Qd4 Bf5 20. Kd2 e5 21. Qe3
Rc5 22. g4 Bc8 23. Ra1 Bb7 24. h5 Qf6 25. Qe4 Qg5+ 26. Ke2 f5 27. gxf5 Qg2+ 28.
Ke3 Qg5+ 29. Ke2 Qg2+ 30. Ke3 Qg5+ 1/2-1/2

[Event "GRENKE Chess Open 2017"]
[Site "Karlsruhe GER"]
[Date "2017.04.16"]
[Round "6.34"]
[White "Erenberg, Ariel"]
[Black "Buhmann, Rainer"]
[Result "1/2-1/2"]
[WhiteTitle "FM"]
[BlackTitle "GM"]
[WhiteElo "2386"]
[BlackElo "2609"]
[WhiteFideId "2811634"]
[BlackFideId "4651340"]
[EventDate "2017.04.13"]

1. d4 Nf6 2. c4 e6 3. Nc3 Bb4 4. Qc2 d5 5. cxd5 Qxd5 6. Nf3 Qf5 7. Qxf5 exf5 8.
Bd2 c6 9. e3 Nbd7 10. Bd3 Nb6 11. Ke2 O-O 12. Ne5 Re8 13. g3 Be6 14. b3 Rad8 15.
Rhd1 h5 16. Rac1 g6 17. Be1 Kg7 18. h4 Ng4 19. Nxg4 hxg4 20. Rc2 f6 21. Na4 Nd5
22. Bxb4 Nxb4 23. Rb2 Bd5 24. Rc1 b6 25. a3 Bf3+ 26. Kd2 Nxd3 27. Kxd3 g5 28.
hxg5 fxg5 29. Kc3 f4 30. gxf4 gxf4 31. exf4 c5 32. Rd2 cxd4+ 33. Kb2 Rd7 34. Kb1
Kf6 35. Nc3 Kf5 36. Nb5 d3 37. Rc4 Re4 38. Rc8 Kxf4 39. Kb2 Re5 40. a4 Be4 41.
Kc3 Bf5 42. Rc4+ Be4 43. Nd4 a6 44. b4 Rd6 45. b5 axb5 46. axb5 Kg5 47. Rc8 Bg6
48. Rc4 Re1 49. Rc6 Rc1+ 50. Kb3 Rcxc6 51. Nxc6 Kf4 52. Nb4 Be4 53. Kb2 Kf3 54.
Nc2 Rd5 55. Ne1+ Kf4 56. Kc3 Rxb5 57. Nxd3+ Bxd3 58. Rxd3 Re5 59. Kd2 b5 60. Rb3
Ke4 61. Re3+ Kf4 62. Rb3 Rd5+ 63. Ke2 Re5+ 64. Kd2 Rc5 65. Ke2 Kf5 66. Rb4 Re5+
67. Kf1 Kg5 1/2-1/2

[Event "GRENKE Chess Open 2017"]
[Site "Karlsruhe GER"]
[Date "2017.04.16"]
[Round "6.35"]
[White "Garriga Cazorla, Pere"]
[Black "Wagner, Dennis"]
[Result "1/2-1/2"]
[WhiteTitle "IM"]
[BlackTitle "GM"]
[WhiteElo "2385"]
[BlackElo "2577"]
[WhiteFideId "32011601"]
[BlackFideId "24650684"]
[EventDate "2017.04.13"]

1. d4 Nf6 2. c4 e6 3. Nc3 Bb4 4. e3 O-O 5. Bd3 d5 6. Nf3 dxc4 7. Bxc4 c5 8. O-O
b6 9. a3 Bxc3 10. bxc3 Bb7 11. Bb2 Qc7 12. Qe2 Nbd7 13. Bd3 Be4 14. Bxe4 Nxe4
15. c4 Rfe8 16. a4 cxd4 17. exd4 Nd6 18. Rfc1 Rac8 19. Nd2 Qb7 20. Ra3 Nf8 21.
h4 h6 22. h5 Nh7 23. Qe5 Qe7 24. a5 Nf6 25. axb6 axb6 26. Rb3 Nf5 27. Qe2 Red8
28. Nf3 Qd6 29. Qe5 Nd7 30. Qe4 Nf6 31. Qe5 Nd7 32. Qe4 Nf6 1/2-1/2

[Event "GRENKE Chess Open 2017"]
[Site "Karlsruhe GER"]
[Date "2017.04.16"]
[Round "6.38"]
[White "Kvetny, Mark"]
[Black "Danin, Alexandre"]
[Result "1/2-1/2"]
[WhiteTitle "FM"]
[BlackTitle "GM"]
[WhiteElo "2377"]
[BlackElo "2564"]
[WhiteFideId "24603929"]
[BlackFideId "4144031"]
[EventDate "2017.04.13"]

1. c4 c6 2. d4 d5 3. cxd5 cxd5 4. Bf4 Nc6 5. e3 Nf6 6. Nc3 Bf5 7. Qb3 Na5 8.
Bb5+ Bd7 9. Qc2 Rc8 10. Bd3 b5 11. a3 g6 12. Nf3 Bg7 13. h3 O-O 14. O-O a6 15.
Ne5 Be6 16. Qe2 Nd7 17. Nf3 Nb3 18. Rab1 Nb6 19. Na2 Nc4 20. Qd1 Nba5 21. Nb4
Qb6 22. b3 Nd6 23. Ng5 Rc3 24. Nxe6 fxe6 25. Na2 Rcc8 26. Qd2 Nc6 27. Rbc1 Qa5
28. Nb4 Nxb4 29. Qxb4 Qxb4 30. axb4 Kf7 31. Rfd1 Rfd8 32. Kf1 Ne4 33. Bxe4 dxe4
34. Ke2 e5 35. Bxe5 Rxc1 36. Rxc1 Bxe5 37. dxe5 Rd3 38. Rb1 Rc3 39. Kd2 Rd3+ 40.
Ke2 Rc3 41. Kd2 Rd3+ 1/2-1/2

[Event "GRENKE Chess Open 2017"]
[Site "Karlsruhe GER"]
[Date "2017.04.16"]
[Round "6.44"]
[White "Dann, Matthias"]
[Black "Jahncke, Giso"]
[Result "1/2-1/2"]
[WhiteTitle "IM"]
[BlackTitle "FM"]
[WhiteElo "2493"]
[BlackElo "2350"]
[WhiteFideId "24638056"]
[BlackFideId "24608289"]
[EventDate "2017.04.13"]

1. e4 e5 2. Nf3 Nc6 3. Bc4 Bc5 4. c3 Nf6 5. d4 exd4 6. e5 Ne4 7. Bd5 Nxf2 8.
Kxf2 dxc3+ 9. Kf1 cxb2 10. Bxb2 d6 11. exd6 O-O 12. Nc3 Bf5 13. Be4 Be6 14. Na4
Bxd6 15. Kf2 Qe7 16. Re1 Bb4 17. Re2 Rad8 18. Qc2 Na5 19. Bxh7+ Kh8 20. Bf5 b5
21. a3 Nb3 22. axb4 Qxb4 23. Bxe6 fxe6 24. Qg6 Nd4 25. Bc3 Qc4 26. Re4 Rf6 27.
Rh4+ Kg8 28. Qh7+ Kf7 29. Qh5+ Kg8 30. Qh8+ Kf7 31. Qxd8 Qe2+ 32. Kg1 Nxf3+ 33.
gxf3 Qe3+ 1/2-1/2

[Event "GRENKE Chess Open 2017"]
[Site "Karlsruhe GER"]
[Date "2017.04.16"]
[Round "7.2"]
[White "Fedoseev, Vladimir"]
[Black "Grandelius, Nils"]
[Result "1-0"]
[WhiteElo "2684"]
[BlackElo "2641"]
[EventDate "2017.04.13"]

1. e4 e5 2. Nf3 Nc6 3. d4 exd4 4. Nxd4 Bc5 5. Nxc6 bxc6 6. Bd3 d6 7. Qe2
Nf6 8. Bg5 h6 9. Bh4 g5 10. Bg3 Bg4 11. f3 Be6 12. Nd2 Nh5 13. Nb3 Bb6 14.
Bc4 Qf6 15. O-O-O O-O 16. c3 Rae8 17. Kb1 d5 18. Bd3 Nf4 19. Bxf4 Qxf4 20.
Qc2 Rd8 21. exd5 cxd5 22. h4 gxh4 23. Nd4 Rfe8 24. Bb5 Bd7 25. Bxd7 Rxd7
26. Nf5 Re5 27. Nxh4 d4 28. g3 Qe3 29. Rd3 Qe2 30. Rd2 Qe3 31. f4 Qe4 32.
Qxe4 Rxe4 33. Nf5 d3 34. Nxh6+ Kg7 35. Ng4 Re2 36. Rdd1 Rg2 37. Ne5 Rd6 38.
Rh3 Bf2 39. Rxd3 Rxd3 40. Nxd3 Bxg3 41. Rh5 Bh2 42. Rd5 Kf6 43. Rc5 Rd2 44.
Nb4 Rd7 45. Kc2 Ke6 46. Nd3 Bg1 47. Re5+ Kf6 48. Nb4 Bh2 49. Rh5 Bg3 50.
Nd5+ Ke6 51. Re5+ Kd6 52. Nf6 Bxf4 53. Re4 1-0

[Event "GRENKE Chess Open 2017"]
[Site "Karlsruhe GER"]
[Date "2017.04.16"]
[Round "7.4"]
[White "Heimann, Andreas"]
[Black "Matlakov, Maxim"]
[Result "1/2-1/2"]
[WhiteElo "2577"]
[BlackElo "2707"]
[EventDate "2017.04.13"]

1. e4 c5 2. Nf3 Nc6 3. Bb5 g6 4. O-O Bg7 5. Re1 Nf6 6. e5 Nd5 7. Nc3 Nc7 8.
Bxc6 dxc6 9. h3 O-O 10. Ne4 b6 11. d3 h6 12. a4 a5 13. b3 f5 14. exf6 exf6
15. Bb2 Ne6 16. Ng3 Ra7 17. Qd2 Re7 18. Re2 Rfe8 19. Rae1 Nc7 20. Rxe7 Rxe7
21. Nf1 Nd5 22. Rxe7 Qxe7 23. Ne3 Nb4 24. d4 cxd4 25. Bxd4 c5 26. Bb2 Be6
27. c3 Nc6 28. c4 Kf7 29. Ne1 h5 30. N1c2 Bh6 31. Qd3 Bf4 32. Nd5 Qd6 33.
Nxf4 Qxf4 34. Ne3 Nd4 35. Kf1 Nf5 36. Nxf5 Qxf5 37. Ke2 Ke7 1/2-1/2

[Event "GRENKE Chess Open 2017"]
[Site "Karlsruhe GER"]
[Date "2017.04.16"]
[Round "7.5"]
[White "Stocek, Jiri"]
[Black "Moiseenko, Alexander"]
[Result "1/2-1/2"]
[WhiteElo "2560"]
[BlackElo "2670"]
[EventDate "2017.04.13"]

1. d4 Nf6 2. c4 e6 3. Nc3 Bb4 4. Nf3 d5 5. e3 O-O 6. a3 Bxc3+ 7. bxc3 c5 8.
Bb2 Nc6 9. Rc1 Na5 10. cxd5 exd5 11. dxc5 Be6 12. Nd4 Ne4 13. a4 Nxc5 14.
Ba3 Rc8 15. Be2 Bd7 16. Bxc5 Rxc5 17. O-O Qf6 18. Bb5 Be6 19. Qd2 Rfc8 20.
Qb2 Qe7 21. Rfd1 Qc7 22. Be2 Bd7 23. Bb5 Bg4 24. Be2 Nc4 25. Qa2 Bxe2 26.
Nxe2 Ra5 27. Rb1 g6 28. Rb5 Rxb5 29. axb5 Qc5 30. h3 Ra8 31. Qb3 Rd8
1/2-1/2

[Event "GRENKE Chess Open 2017"]
[Site "Karlsruhe GER"]
[Date "2017.04.16"]
[Round "7.6"]
[White "Sumets, Andrey"]
[Black "Kovalenko, Igor"]
[Result "1/2-1/2"]
[WhiteElo "2559"]
[BlackElo "2659"]
[EventDate "2017.04.13"]

1. d4 Nf6 2. Nf3 d5 3. c4 e6 4. Nc3 c6 5. e3 Nbd7 6. Qc2 b6 7. Be2 Bb7 8.
O-O Bd6 9. Rd1 Qe7 10. e4 Nxe4 11. Nxe4 dxe4 12. Qxe4 Nf6 13. Qh4 h6 14.
Bf4 c5 15. Bxd6 Qxd6 16. Rd3 Be4 17. Rd2 Bxf3 18. Bxf3 Rd8 19. Rad1 g5 20.
Qg3 Ke7 21. Qxd6+ Rxd6 22. dxc5 Rxd2 23. Rxd2 bxc5 24. g3 Rc8 25. Rd3 g4
26. Be2 Rb8 27. Rd2 Rb6 28. Kg2 Ra6 29. b3 Rb6 30. f3 h5 31. Kf2 Rb8 32.
Ke3 Rg8 33. Kf4 a5 34. Bd1 gxf3 35. Bxf3 h4 36. g4 Nh7 37. Bc6 Kf6 38. Rd6
Ng5 39. Bg2 a4 40. Rc6 axb3 41. axb3 h3 42. Bf3 Rb8 43. Rxc5 Nxf3 44. Kxf3
Rxb3+ 45. Kf4 Rc3 46. g5+ Kg6 47. Kg4 Rd3 48. Kh4 Re3 49. Kg4 Re4+ 50. Kxh3
e5 51. Rc7 Rf4 52. Re7 Rf5 53. Kh4 f6 54. gxf6 Kxf6 55. Re8 Rf4+ 56. Kg3
Rxc4 1/2-1/2

[Event "GRENKE Chess Open 2017"]
[Site "Karlsruhe GER"]
[Date "2017.04.16"]
[Round "7.7"]
[White "Kuzubov, Yuriy"]
[Black "Meskovs, Nikita"]
[Result "1/2-1/2"]
[WhiteElo "2641"]
[BlackElo "2510"]
[EventDate "2017.04.13"]

1. c4 Nf6 2. Nf3 e6 3. g3 d5 4. Bg2 d4 5. O-O c5 6. e3 Nc6 7. exd4 cxd4 8.
d3 Bd6 9. Bg5 h6 10. Bxf6 Qxf6 11. Nbd2 Qd8 12. a3 a5 13. Rc1 O-O 14. c5
Bc7 15. Re1 e5 16. Nc4 Re8 17. Nfd2 Be6 18. Ne4 Ra6 19. Ned6 Bxd6 20. Nxd6
Re7 21. Qh5 Qd7 22. f4 Bg4 23. Qh4 f6 24. Be4 exf4 25. gxf4 a4 26. h3 Be6
27. Re2 Nd8 28. Rce1 Qc7 29. Nf5 Rf7 30. Rg2 Kf8 31. Nxh6 gxh6 32. Qxh6+
Ke7 33. f5 Qxc5 34. Rc1 Qe5 35. fxe6 Nxe6 36. Rc8 f5 37. Qh4+ Kd7 38. Qh5
fxe4 39. Qxe5 Kxc8 40. Rg8+ Kd7 41. Qd5+ Kc7 42. Qxe4 Rc6 43. Kh2 Kd6 44.
Rg2 Rf4 45. Qe1 Rf3 46. Qb4+ Kc7 47. Re2 Nc5 48. Re7+ Kd6 49. Rxb7 Rxd3 50.
Rg7 Rd1 51. Rg6+ Kd5 52. Rg5+ Kd6 53. Qb8+ Ke7 54. Rg7+ Kf6 55. Qf8+ Ke6
56. Qe8+ Kd5 1/2-1/2

[Event "GRENKE Chess Open 2017"]
[Site "Karlsruhe GER"]
[Date "2017.04.16"]
[Round "7.8"]
[White "Svane, Rasmus"]
[Black "Kozul, Zdenko"]
[Result "0-1"]
[WhiteElo "2573"]
[BlackElo "2631"]
[EventDate "2017.04.13"]

1. d4 Nf6 2. c4 g6 3. Nc3 Bg7 4. e4 d6 5. Nf3 O-O 6. Be2 Nbd7 7. O-O e5 8.
Be3 c6 9. Qc2 Ng4 10. Bg5 Bf6 11. Bxf6 Ngxf6 12. Rfe1 Nh5 13. dxe5 dxe5 14.
b4 Nf4 15. c5 Nxe2+ 16. Qxe2 Qe7 17. Qe3 Nf6 18. h3 Ne8 19. Red1 f6 20. a3
Be6 21. Rd3 Nc7 22. Rad1 a5 23. Rd6 axb4 24. axb4 Rfc8 25. Qc1 Ne8 26. R6d3
Rd8 27. Rxd8 Rxd8 28. Rxd8 Qxd8 29. b5 Qa5 30. Qb2 Kf8 31. h4 h5 32. bxc6
bxc6 33. Qd2 Kg7 34. Qe3 Nc7 35. Qd3 Bf7 36. Nb1 Qxc5 37. Nbd2 Ne6 38. g3
Qc1+ 39. Kg2 c5 40. Qa6 c4 41. Nf1 Nc5 42. Qa7 Nxe4 43. Ne3 Nd2 44. Nxd2
Qxd2 45. g4 Qd4 46. Qb7 hxg4 47. h5 Qf4 48. hxg6 Kxg6 49. Qb1+ e4 50. Qe1
f5 51. Kg1 Qe5 52. Ng2 f4 53. Qd2 f3 54. Nh4+ Kh5 55. Qd7 Qe6 56. Qd8 c3
57. Qh8+ Kg5 58. Kh2 Qd6+ 59. Kg1 c2 0-1

[Event "GRENKE Chess Open 2017"]
[Site "Karlsruhe GER"]
[Date "2017.04.16"]
[Round "7.9"]
[White "Demuth, Adrien"]
[Black "Banusz, Tamas"]
[Result "1/2-1/2"]
[WhiteElo "2529"]
[BlackElo "2613"]
[EventDate "2017.04.13"]

1. c4 Nf6 2. Nf3 c6 3. g3 d5 4. Bg2 dxc4 5. O-O Nbd7 6. Na3 Nb6 7. Qc2 g6
8. Nxc4 Nxc4 9. Qxc4 Bg7 10. d3 O-O 11. Be3 Nd5 12. Bd4 Nb6 13. Qb4 Bxd4
14. Qxd4 Qxd4 15. Nxd4 a5 1/2-1/2

[Event "GRENKE Chess Open 2017"]
[Site "Karlsruhe GER"]
[Date "2017.04.16"]
[Round "7.10"]
[White "Landa, Konstantin"]
[Black "Lubbe, Nikolas"]
[Result "1-0"]
[WhiteElo "2611"]
[BlackElo "2500"]
[EventDate "2017.04.13"]

1. d4 Nf6 2. c4 c5 3. Nf3 cxd4 4. Nxd4 e6 5. Nc3 a6 6. e4 d6 7. Be2 Be7 8.
O-O O-O 9. Be3 Qc7 10. Qd2 b6 11. f3 Bb7 12. Rfd1 Nbd7 13. Rac1 Rac8 14.
Kh1 Rfe8 15. Bf1 Bf8 16. a3 Qb8 17. Bg1 Qa8 18. b4 h6 19. Nb3 Bc6 20. Bd4
Red8 21. Qf2 Qb8 22. Be3 Be7 23. Nd4 Bb7 24. Na4 d5 25. exd5 exd5 26. Nxb6
Nxb6 27. Nf5 Bf8 28. Bxb6 Re8 29. Qh4 dxc4 30. Bd4 Nd5 31. Rxc4 Qf4 32.
Qxf4 Nxf4 33. Bc5 Bxc5 34. bxc5 Nd5 35. Rb1 Bc6 36. Re4 Nc3 37. Rxe8+ Rxe8
38. Rc1 Na2 39. Ra1 Bd5 40. Bxa6 g6 41. Nd6 Re3 42. a4 Rc3 43. Ne4 Bxe4 44.
fxe4 Rxc5 45. Bf1 Nc1 46. Ra3 Ne2 47. g3 Rc1 48. Kg2 Nd4 49. Bd3 Rd1 50.
Kf2 Nc6 51. a5 Nxa5 52. Ke2 Rh1 53. Rxa5 Rxh2+ 54. Kf3 Rd2 55. Bc4 Rd7 56.
Bd5 Kg7 57. Kf4 Kf6 58. Ra6+ Ke7 59. Rb6 Ra7 60. Ke5 Rd7 61. Ra6 Rc7 62.
Rf6 Kf8 63. Rb6 Ke7 64. Rb8 h5 65. Rh8 Ra7 66. Rc8 Rd7 67. Rb8 Rc7 68. Rh8
Rd7 69. Bxf7 Rd3 70. Bxg6 Rxg3 71. Rh7+ Kf8 72. Bf5 1-0

[Event "GRENKE Chess Open 2017"]
[Site "Karlsruhe GER"]
[Date "2017.04.16"]
[Round "7.11"]
[White "Baron, Tal"]
[Black "Saric, Ivan"]
[Result "1/2-1/2"]
[WhiteElo "2528"]
[BlackElo "2609"]
[EventDate "2017.04.13"]

1. d4 Nf6 2. c4 g6 3. Nc3 Bg7 4. e4 d6 5. f3 O-O 6. Nge2 a6 7. Be3 Nbd7 8.
h4 c5 9. h5 Nxh5 10. g4 cxd4 11. Bxd4 Nhf6 12. Ng3 Qa5 13. Qd2 Ne5 14. Be2
Nc6 15. Be3 Be6 16. Bh6 Qe5 17. O-O-O Bxh6 18. Qxh6 Qxg3 19. Rh3 Qg2 20.
Rh2 Qg3 21. Rh3 Qg2 22. Rh2 1/2-1/2

[Event "GRENKE Chess Open 2017"]
[Site "Karlsruhe GER"]
[Date "2017.04.16"]
[Round "7.12"]
[White "Onischuk, Vladimir"]
[Black "Pijpers, Arthur"]
[Result "1-0"]
[WhiteElo "2599"]
[BlackElo "2457"]
[EventDate "2017.04.13"]

1. e4 c5 2. Nf3 d6 3. d4 cxd4 4. Nxd4 Nf6 5. Nc3 g6 6. g3 Nc6 7. Bg2 Nxd4
8. Qxd4 Bg7 9. e5 Nd7 10. Qa4 O-O 11. exd6 Nb6 12. Qh4 exd6 13. Bg5 Re8+
14. Ne4 f6 15. Be3 f5 16. Qxd8 Rxd8 17. Nc3 Be6 18. O-O-O Bxc3 19. bxc3
Bxa2 20. Bxb7 Rab8 21. Ba6 Rd7 22. h4 Bc4 23. Bxb6 Bxa6 24. Be3 Rdb7 25.
Kd2 Bc4 26. Ra1 a6 27. h5 Bd5 28. Rh4 Ra8 29. hxg6 hxg6 30. Rha4 Kf7 31.
Rxa6 Rxa6 32. Rxa6 Ke7 33. Bg5+ Kd7 34. Bf4 Bc6 35. c4 Rb4 36. Kc3 Ra4 37.
Rb6 Ra3+ 38. Kd2 Ra2 39. Kd3 Ra3+ 40. c3 Ra2 41. Ke3 Ra4 42. Kd4 d5 43. Ke5
Rxc4 44. Rb3 Re4+ 45. Kf6 Re6+ 46. Kg5 Ke7 47. Ra3 Kf7 48. Be3 Bb7 49. Ra7
Re7 50. Bd4 Rd7 51. Ra1 Bc6 52. Rh1 Re7 53. Rh6 Re4 54. f4 Re6 55. Rh7+ Kf8
56. Kh6 Bb5 57. Rb7 Bc4 58. Kg5 Ke8 59. Bf6 Re3 60. Kxg6 Bd3 61. Bh4 Re6+
62. Kg7 Bc2 63. Bf6 Re3 64. Bg5 Re6 65. Ra7 Bd3 66. Bf6 Re3 67. Be5 Rxg3+
68. Kf6 Kd8 69. Ke6 Rg6+ 70. Kxd5 Be4+ 71. Kd4 Rg1 72. c4 Rc1 73. Kc5 Ke8
74. Rc7 Kd8 75. Kd6 Rd1+ 76. Ke6 Rc1 77. Rc5 Bb7 78. Bf6+ Ke8 79. Rc7 Ba6
80. c5 Re1+ 81. Be5 Kd8 82. Rd7+ Kc8 83. Rd6 Bd3 84. Rxd3 1-0

[Event "GRENKE Chess Open 2017"]
[Site "Karlsruhe GER"]
[Date "2017.04.16"]
[Round "7.20"]
[White "Beerdsen, Thomas"]
[Black "Bosiocic, Marin"]
[Result "0-1"]
[WhiteElo "2446"]
[BlackElo "2610"]
[EventDate "2017.04.13"]

1. e4 c5 2. Nf3 e6 3. b3 a6 4. c4 Nc6 5. Bb2 Nf6 6. e5 Ng4 7. Qe2 f6 8.
exf6 Nxf6 9. g3 b5 10. Bg2 Bb7 11. O-O Be7 12. Ne5 Qc8 13. Nxc6 Bxc6 14.
Na3 Bxg2 15. Kxg2 bxc4 16. Nxc4 Qc6+ 17. Kg1 O-O 18. Rac1 a5 19. Ne5 Qd5
20. Rc3 d6 21. Rd3 Qb7 22. Nc4 Ne4 23. f3 d5 24. fxe4 Rxf1+ 25. Kxf1 dxc4
26. Qg4 Rf8+ 27. Kg1 Bf6 28. Rf3 Bd4+ 29. Bxd4 Rxf3 30. Qxf3 cxd4 31. Qh5
h6 32. Qe8+ Kh7 33. Qxe6 c3 34. dxc3 dxc3 35. Qf5+ Kg8 36. Qc5 Qb4 37. Qc8+
Kf7 38. Qf5+ Ke7 39. Qe5+ Kd8 40. Qd5+ Kc7 41. a3 Qb6+ 42. Kf1 c2 43. Qf7+
Kc8 44. Qe8+ Kb7 45. Qd7+ Qc7 46. Qd5+ Kb8 0-1